[Event "Nittenau-ch 10th"]
[Site "Nittenau"]
[Date "2010.09.19"]
[Round "5"]
[White "Schmidt, Franz"]
[Black "Schenk, Ivo"]
[Result "1-0"]
[WhiteElo "1736"]
[BlackElo "1444"]
[PlyCount "59"]
[EventDate "2010.09.17"]
[EventType "swiss"]
[EventRounds "5"]
[EventCountry "GER"]
[SourceTitle "EXT 2022"]
[Source "ChessBase"]
[SourceDate "2021.10.06"]
[SourceVersion "1"]
[SourceVersionDate "2021.10.06"]
[SourceQuality "1"]

1. e4 e5 2. Nf3 Nf6 3. Nxe5 Qe7 4. Nf3 Qxe4+ 5. Be2 d5 6. 0-0 Nc6 7. Bb5 Qg4 8. Re1+ Be6 9. h3 Qh5 10. Bxc6+ bxc6 11. Re5 Qg6 12. d3 h6 13. Nd4 Bd6 14. Re1 Kd7 15. Nxe6 fxe6 16. Nd2 Nh5 17. Nf3 Rhf8 18. c4 Rf6 19. c5 Raf8 20. Nh4 Qf7 21. cxd6 Rxf2 22. Nf3 Rxg2+ 23. Kxg2 Qg6+ 24. Bg5 Nf4+ 25. Kh1 Nxd3 26. Qxd3 Qxd3 27. Ne5+ Kxd6 28. Nxd3 hxg5 29. Rf1 Rh8 30. Kg2 1-0